[Event "AUTO-OPEN-2687"]
[Site "http://www.queenalice.com/game.php?id=1106462"]
[Date "2012.9.25"]
[Round "2"]
[White "PunditJi"]
[Black "grazyhorse"]
[Result "1-0"]
[WhiteElo "2601"]
[BlackElo "2121"]

1. d4 Nf6 2. c4 e6 3. Nf3 d5 4. Nc3 Nc6 5. e3 g6 6. Be2 Bg7 7. O-O O-O 8. b3 Qe7
9. Bb2 Rd8 10. Qc1 Ne4 11. a3 a5 12. Rd1 Bd7 13. h4 Nxc3 14. Qxc3 Re8 15. Rac1
h5 16. Bd3 Rad8 17. Re1 Bc8 18. Qc2 Bf6 19. Rcd1 Bg7 20. Qc3 Qd6 21. Qc2 Ne7 22.
c5 Qd7 23. Qc3 Nc6 24. Bb5 Qe7 25. Bxc6 bxc6 26. Qxa5 f6 27. e4 dxe4 28. Rxe4 e5
29. Rde1 Be6 30. dxe5 f5 31. Rd4 Bxb3 32. Rxd8 Qxd8 33. Ng5 Bd5 34. Qd2 Bb3 35.
Qc1 Qd3 36. e6 Qc2 37. Qxc2 Bxc2 38. Bxg7 Kxg7 39. Re2 Ba4 40. Rb2 Kf6 41. Rb7
Ke5 42. Kh2 Re7 43. Rb4 Bc2 44. a4 1-0

[Event "AUTO-OPEN-2687"]
[Site "http://www.queenalice.com/game.php?id=1106463"]
[Date "2012.9.25"]
[Round "2"]
[White "grazyhorse"]
[Black "PunditJi"]
[Result "1/2-1/2"]
[WhiteElo "2095"]
[BlackElo "2608"]

1. e4 c5 2. Nf3 Nc6 3. d4 cxd4 4. Nxd4 Nf6 5. Nc3 d6 6. Bb5 Bd7 7. O-O g6 8. f3
Bg7 9. Be3 Ne5 10. Bxd7+ Nfxd7 11. Bf2 O-O 12. f4 Nc4 13. b3 Na3 14. f5 Nf6 15.
Qd2 Qa5 16. Rad1 Rfc8 17. Be1 Qc5 18. Kh1 b5 19. Qf2 g5 20. Qe2 Kh8 21. Rd3 b4
22. Na4 Qa5 23. c3 Qe5 24. Nf3 Qxe4 25. Re3 Qxf5 26. c4 Nc2 27. Ne5 Qxf1+ 28.
Qxf1 Nxe3 29. Nxf7+ Kg8 30. Qe2 Kxf7 31. Qxe3 d5 32. h3 Rab8 33. Bg3 Ra8 34. Nc5
dxc4 35. bxc4 1/2-1/2

[Event "AUTO-ADV-2545"]
[Site "http://www.queenalice.com/game.php?id=1107067"]
[Date "2012.9.27"]
[Round "2"]
[White "luiz_gustavo"]
[Black "grazyhorse"]
[Result "0-1"]
[WhiteElo "1792"]
[BlackElo "2073"]

1. e4 e5 2. Nf3 Nf6 3. Nc3 Nc6 4. Bc4 Bc5 5. h3 a6 6. a3 O-O 7. O-O d6 8. d3 Be6
9. Bxe6 fxe6 10. Bg5 h6 11. Bxf6 Qxf6 12. Ne2 d5 13. c3 dxe4 14. dxe4 Qg6 15.
Nh4 Qxe4 16. g4 Bxf2+ 17. Rxf2 Rxf2 18. Ng3 Qe3 0-1

[Event "AUTO-ADV-2545"]
[Site "http://www.queenalice.com/game.php?id=1107068"]
[Date "2012.9.27"]
[Round "2"]
[White "grazyhorse"]
[Black "luiz_gustavo"]
[Result "1-0"]
[WhiteElo "2068"]
[BlackElo "1797"]

1. e4 e5 2. f4 d6 3. Nf3 Nc6 4. Nc3 Bg4 5. Bb5 a6 6. Bxc6+ bxc6 7. h3 Bxf3 8.
Qxf3 Nf6 9. O-O Qe7 10. d3 d5 11. exd5 cxd5 12. Re1 O-O-O 13. fxe5 Qc5+ 14. Be3
d4 15. exf6 dxe3 16. Qg4+ Kb7 17. fxg7 Rg8 18. Qf3+ 1-0

[Event "AUTO-ADV-2545"]
[Site "http://www.queenalice.com/game.php?id=1107071"]
[Date "2012.9.27"]
[Round "2"]
[White "Warner"]
[Black "grazyhorse"]
[Result "0-1"]
[WhiteElo "1730"]
[BlackElo "2054"]

1. d4 Nf6 2. c4 d5 3. e3 c6 4. Nf3 Bf5 5. Nc3 e6 6. cxd5 cxd5 7. Bd3 Bxd3 8.
Qxd3 Nc6 9. O-O Bd6 10. a3 O-O 11. Bd2 Rc8 12. b4 h6 13. Rac1 Qd7 14. Nb5 a6 15.
Nxd6 Qxd6 16. e4 dxe4 17. Qe3 exf3 0-1

[Event "AUTO-ADV-2545"]
[Site "http://www.queenalice.com/game.php?id=1107072"]
[Date "2012.9.27"]
[Round "2"]
[White "grazyhorse"]
[Black "Warner"]
[Result "1-0"]
[WhiteElo "2057"]
[BlackElo "1730"]

1. e4 e5 2. Nf3 d6 3. d4 exd4 4. Nxd4 Bd7 5. Bd3 Nc6 6. Nxc6 Bxc6 7. Nc3 Nf6 8.
O-O Be7 9. Be3 O-O 10. Nd5 Re8 11. c4 a6 12. Rc1 Bxd5 13. cxd5 c6 14. dxc6 bxc6
15. Rxc6 a5 16. Qe2 Rc8 17. Bb5 Rxc6 18. Bxc6 Rf8 19. Qb5 Qc7 20. Bb6 1-0

[Event "AUTO-ADV-2545"]
[Site "http://www.queenalice.com/game.php?id=1107073"]
[Date "2012.9.27"]
[Round "2"]
[White "Diego_Silveira"]
[Black "grazyhorse"]
[Result "0-1"]
[WhiteElo "1900"]
[BlackElo "2078"]

1. d4 Nf6 2. c4 e6 3. Nf3 d5 4. Bg5 Be7 5. e3 O-O 6. Nc3 h6 7. Bh4 Nbd7 8. c5 c6
9. Bd3 b6 10. b4 e5 11. Nd2 a5 12. a3 Ng4 13. Bxe7 Qxe7 14. Qxg4 axb4 15. Na2
Nxc5 16. Bf5 exd4 17. O-O dxe3 18. Rfe1 exf2+ 19. Kxf2 Nd3+ 20. Kf1 Qf6 0-1

[Event "AUTO-ADV-2545"]
[Site "http://www.queenalice.com/game.php?id=1107074"]
[Date "2012.9.27"]
[Round "2"]
[White "grazyhorse"]
[Black "Diego_Silveira"]
[Result "1-0"]
[WhiteElo "2087"]
[BlackElo "1891"]

1. e4 d5 2. exd5 Qxd5 3. Nc3 Qd6 4. d4 Nf6 5. Bd3 Bg4 6. Nge2 c6 7. O-O g6 8. h3
Be6 9. Bf4 Qb4 10. Bc7 Nd5 11. Nxd5 Bxd5 12. a3 Qxb2 13. Qd2 Ba2 14. Nc3 1-0

[Event "AUTO-ADV-2542"]
[Site "http://www.queenalice.com/game.php?id=1119841"]
[Date "2012.11.7"]
[Round "2"]
[White "APSHOOTER"]
[Black "grazyhorse"]
[Result "0-1"]
[WhiteElo "1565"]
[BlackElo "2134"]

1. e4 e5 2. Nf3 Nc6 3. a3 Nf6 4. d3 Bc5 5. h3 d5 6. Bg5 dxe4 7. Bxf6 gxf6 8.
Nfd2 f5 9. dxe4 Qd4 10. Qf3 Qxb2 11. Nb3 Nd4 12. Qc3 Qxc3+ 13. Nxc3 Nxc2+ 14.
Ke2 Nxa1 15. Nxc5 b6 16. Nd3 Ba6 17. Kd2 O-O-O 18. exf5 c5 19. Be2 Nb3+ 20. Ke3
Nd4 21. Ne4 Nxf5+ 22. Kd2 Bxd3 23. Bxd3 c4 24. Rc1 Rxd3+ 25. Kc2 Rxa3 26. Nf6
Nd4+ 27. Kb1 b5 28. Nd5 Rd8 29. Nb4 Rb3+ 0-1

[Event "AUTO-ADV-2542"]
[Site "http://www.queenalice.com/game.php?id=1119842"]
[Date "2012.11.7"]
[Round "2"]
[White "grazyhorse"]
[Black "APSHOOTER"]
[Result "1-0"]
[WhiteElo "2120"]
[BlackElo "1677"]

1. e4 d5 2. exd5 Qxd5 3. Nc3 Qe5+ 4. Be2 Bg4 5. d4 Bxe2 6. Ngxe2 Qf6 7. O-O Nc6
8. Nd5 Qd6 9. c4 Nf6 10. Bf4 e5 11. dxe5 Nxe5 12. Qd4 Nxd5 13. Bxe5 Qc5 14. cxd5
O-O-O 15. Qg4+ Kb8 16. Rac1 Qxd5 17. Bxc7+ Ka8 18. Bxd8 Bc5 19. Qc8# 1-0

[Event "AUTO-ADV-2542"]
[Site "http://www.queenalice.com/game.php?id=1119845"]
[Date "2012.11.7"]
[Round "2"]
[White "Corvidae"]
[Black "grazyhorse"]
[Result "0-1"]
[WhiteElo "1918"]
[BlackElo "2114"]

1. Nf3 Nf6 2. c4 c5 3. Nc3 Nc6 4. d4 cxd4 5. Nxd4 e6 6. g3 Qb6 7. Ndb5 Ne5 8.
Bf4 Neg4 9. e3 e5 10. Bg5 a6 11. Na4 Qc6 12. Bxf6 Nxf6 13. Nbc3 Qxh1 14. h3 b5
15. Nb6 Rb8 16. Nxc8 Rxc8 17. b3 Bb4 18. Rc1 Ne4 0-1

[Event "AUTO-ADV-2542"]
[Site "http://www.queenalice.com/game.php?id=1119846"]
[Date "2012.11.7"]
[Round "2"]
[White "grazyhorse"]
[Black "Corvidae"]
[Result "1-0"]
[WhiteElo "2107"]
[BlackElo "1927"]

1. e4 c5 2. Nf3 d6 3. d4 Nf6 4. Nc3 cxd4 5. Nxd4 a6 6. Bg5 Nbd7 7. f4 Qc7 8. Qe2
e6 9. O-O-O Be7 10. g3 h6 11. Bh4 Nc5 12. Kb1 e5 13. fxe5 dxe5 14. Bxf6 Bxf6 15.
Nd5 Qd6 16. Ne6 Rb8 17. Nxf6+ 1-0

[Event "AUTO-ADV-2542"]
[Site "http://www.queenalice.com/game.php?id=1119847"]
[Date "2012.11.7"]
[Round "2"]
[White "kilmison"]
[Black "grazyhorse"]
[Result "0-1"]
[WhiteElo "2186"]
[BlackElo "2120"]

1. d4 Nf6 2. c4 c6 3. Nc3 d5 4. Nf3 e6 5. Bg5 h6 6. Bxf6 Qxf6 7. e3 Be7 8. Be2
O-O 9. O-O Nd7 10. a3 Rd8 11. c5 b6 12. b4 e5 13. Qc2 e4 14. Nd2 Qg5 15. f3
Qxe3+ 16. Kh1 bxc5 17. bxc5 Qxd4 18. fxe4 Bf6 19. Rac1 Nxc5 20. Nf3 Qe3 21. exd5
cxd5 22. Qd2 Qxd2 0-1

[Event "AUTO-ADV-2542"]
[Site "http://www.queenalice.com/game.php?id=1119848"]
[Date "2012.11.7"]
[Round "2"]
[White "grazyhorse"]
[Black "kilmison"]
[Result "1-0"]
[WhiteElo "2135"]
[BlackElo "2155"]

1. e4 e5 2. Nf3 Nc6 3. Bb5 a6 4. Ba4 Bc5 5. c3 b5 6. Bb3 Nf6 7. d4 exd4 8. e5
Ng4 9. cxd4 Nxf2 10. Kxf2 Nxd4 11. Bxf7+ Kxf7 12. Be3 Ne6 13. Bxc5 Nxc5 14. Qd5+
Ne6 15. Qxa8 Rf8 16. Rf1 Kg8 17. Nc3 c6 18. Qb8 Nd4 19. Kg1 Nxf3+ 20. Rxf3 Re8
21. Raf1 Qe7 22. Ne4 d5 23. Nd6 Bg4 24. Qxe8+ Qxe8 25. Nxe8 1-0

[Event "AUTO-MASTER-1803"]
[Site "http://www.queenalice.com/game.php?id=1141251"]
[Date "2013.1.16"]
[Round "1"]
[White "luciopac"]
[Black "grazyhorse"]
[Result "0-1"]
[WhiteElo "2186"]
[BlackElo "2169"]

1. e4 c5 2. Nf3 d6 3. c4 e5 4. Nc3 Nf6 5. d3 Nc6 6. Bg5 Be7 7. Be2 O-O 8. O-O h6
9. Bh4 Be6 10. Nd2 Nxe4 11. Bxe7 Nxc3 12. Bxd8 Nxd1 13. Bh4 Nxb2 14. a4 Nd4 15.
Rfb1 Nxe2+ 16. Kf1 Nxa4 17. Rxb7 Nac3 18. Be7 Rfb8 19. Rxb8+ Rxb8 20. Bxd6 Rb2
21. Ke1 Nf4 0-1

[Event "AUTO-MASTER-1803"]
[Site "http://www.queenalice.com/game.php?id=1141252"]
[Date "2013.1.16"]
[Round "1"]
[White "grazyhorse"]
[Black "luciopac"]
[Result "1-0"]
[WhiteElo "2156"]
[BlackElo "2199"]

1. e4 e5 2. Nf3 Nc6 3. Bb5 Nd4 4. Nxd4 exd4 5. O-O c6 6. Bc4 d6 7. d3 Nf6 8. Nd2
Be6 9. Bxe6 fxe6 10. Nf3 e5 11. c3 dxc3 12. bxc3 Be7 13. Rb1 Qd7 14. Qb3 b6 15.
Re1 O-O-O 16. Be3 Ng4 17. Bxb6 axb6 18. Qxb6 1-0

[Event "AUTO-MASTER-1803"]
[Site "http://www.queenalice.com/game.php?id=1141267"]
[Date "2013.1.16"]
[Round "1"]
[White "animis"]
[Black "grazyhorse"]
[Result "0-1"]
[WhiteElo "2011"]
[BlackElo "2148"]

1. e4 c5 2. Nf3 d6 3. d4 cxd4 4. Nxd4 Nf6 5. Nc3 g6 6. f4 Nc6 7. Nf3 Bg7 8. Be2
Qb6 9. Bd3 O-O 10. Qe2 Bg4 11. Qf2 Nd7 12. Nd5 Qxf2+ 13. Kxf2 Nc5 14. h3 Bxf3
15. Kxf3 f5 16. Nc7 Rac8 17. Bc4+ Kh8 18. Ne6 Nxe6 19. Bxe6 Nd4+ 0-1

[Event "AUTO-MASTER-1803"]
[Site "http://www.queenalice.com/game.php?id=1141268"]
[Date "2013.1.16"]
[Round "1"]
[White "grazyhorse"]
[Black "animis"]
[Result "1-0"]
[WhiteElo "2182"]
[BlackElo "2006"]

1. e4 e5 2. Nf3 Nc6 3. Bb5 a6 4. Bxc6 dxc6 5. O-O Bg4 6. h3 Bxf3 7. Qxf3 Nf6 8.
d3 Be7 9. Nd2 O-O 10. Nc4 Nd7 11. Qg4 Bf6 12. b3 Re8 13. Ne3 Nf8 14. Bb2 Qd6 15.
Nf5 Qc5 16. Nh6+ Kh8 17. Nxf7+ Kg8 18. Nh6+ Kh8 19. Qf5 Qxc2 20. Bxe5 Bxe5 21.
Nf7+ Kg8 22. Nxe5 Rad8 23. Qf7+ Kh8 24. Qxc7 Ne6 25. Qxb7 1-0

[Event "AUTO-MASTER-1803"]
[Site "http://www.queenalice.com/game.php?id=1141279"]
[Date "2013.1.16"]
[Round "1"]
[White "grazyhorse"]
[Black "Artking"]
[Result "1-0"]
[WhiteElo "2194"]
[BlackElo "1945"]

1. e4 c5 2. c3 d6 3. d4 cxd4 4. cxd4 a6 5. Nc3 Nf6 6. Nf3 Nc6 7. d5 Nb8 8. Be3
g6 9. h3 Nbd7 10. Bd3 Bg7 11. O-O O-O 12. Rc1 Qe8 13. b4 e5 14. Re1 Nh5 15. Qd2
f5 16. Qc2 Ndf6 17. Ng5 f4 18. Bd2 Bd7 19. Qb3 Rc8 20. Ne6 Bxe6 21. dxe6 Qe7 22.
b5 Rc5 23. Nd5 Nxd5 24. Rxc5 axb5 25. Rxd5 1-0

[Event "AUTO-MASTER-1803"]
[Site "http://www.queenalice.com/game.php?id=1141280"]
[Date "2013.1.16"]
[Round "1"]
[White "Artking"]
[Black "grazyhorse"]
[Result "0-1"]
[WhiteElo "1952"]
[BlackElo "2189"]

1. d4 Nf6 2. c4 e6 3. Nc3 d5 4. Nf3 Be7 5. e3 O-O 6. Bd3 dxc4 7. Bxc4 c5 8. O-O
Qc7 9. Ne5 Nc6 10. f4 Rd8 11. Qf3 cxd4 12. exd4 Nxd4 13. Qf2 Nf5 14. Qe2 Nd7 15.
Nxf7 Nd4 16. Nh6+ gxh6 17. Bxe6+ Kh8 18. Qd3 Nc5 19. Nd5 Nxd3 20. Nxc7 Ne2+ 0-1